Transakcie na blockchainových sieťach za rok 2022

Kým pred pár rokmi bolo otázne, či blockchain technológia nájde svoje uplatnenie, alebo či neskončí na smetisku dejín, dnes už oveľa menej odborníkov pochybuje o jej význame. Hlavným cieľom nášho príspevku je zistiť, aké je súčasné reálne využitie vybraných blockchainových sietí – prostredníctvom po...

Celý popis

Uložené v:
Podrobná bibliografia
Hlavný autor: Badura, Peter, 1978-
Ďalší autori: Kalusová, Lenka, 1987-
Médium: Kapitola
Jazyk:Slovak
Predmet:
Tagy: Pridať tag
Žiadne tagy, Buďte prvý, kto otaguje tento záznam!

MARC

LEADER 00000naa$a2200000$$$4500
001 0289969
005 20240521095348.1
041 0 |a slo 
044 |a SK 
245 1 0 |a Transakcie na blockchainových sieťach za rok 2022  |c Peter Badura, Lenka Kalusová 
520 |a Kým pred pár rokmi bolo otázne, či blockchain technológia nájde svoje uplatnenie, alebo či neskončí na smetisku dejín, dnes už oveľa menej odborníkov pochybuje o jej význame. Hlavným cieľom nášho príspevku je zistiť, aké je súčasné reálne využitie vybraných blockchainových sietí – prostredníctvom počtu transakcií. 
610 2 0 |a peniaze elektronické 
610 2 0 |a prevod kapitálu 
610 2 0 |a technológie nové 
610 2 0 |a technológie finančné 
610 2 0 |a technológie obchodné 
100 1 |a Badura, Peter, 1978- 
700 1 |a Kalusová, Lenka, 1987-